000
00359nam a2200133Ia 4500
008
151001s9999||||xx |||||||||||||| ||und||
100
_a
मधुसूदन कालेलकर
245
_a
शिकार
250
_a
1
260
_b
पॉप्युलर प्रकाशन मुंबई
260
_c
1972
300
_a
89
365
_b
21
999
_c
960355
_d
960352